| 000 | 00823cam a22002533a 4500 | ||
|---|---|---|---|
| 001 | 33022 | ||
| 003 | PGUSA | ||
| 005 | 20140828083720.0 | ||
| 008 | 100708s2010||||xxu|||||s|||||000 | eng d | ||
| 040 |
_aPGUSA _beng |
||
| 042 | _adc | ||
| 050 | 4 | _aDG | |
| 100 | 1 |
_aVillani, Giovanni, _d-1348 |
|
| 245 | 1 | 0 |
_aVillani's Chronicle : _bBeing Selections from the First Nine Books of the Croniche Fiorentine of Giovanni Villani _h[electronic resource] / _cGiovanni Villani |
| 260 |
_bProject Gutenberg, _c2010 |
||
| 506 | _aPublic domain in the USA. | ||
| 516 | _aElectronic text | ||
| 653 | _aFlorence (Italy) -- History | ||
| 700 | 1 | _aSelfe, Rose E. | |
| 700 | 1 |
_aWicksteed, Philip H. _q(Philip Henry), _d1844-1927 |
|
| 830 | 0 |
_aProject Gutenberg _v33022 |
|
| 856 | 4 | 0 | _uhttp://www.gutenberg.org/ebooks/33022 |
| 942 | _cEB | ||
| 999 |
_c262277 _d262277 |
||